| 000 | 01124nam a2200265Ia 4500 | ||
|---|---|---|---|
| 003 | OSt | ||
| 005 | 20220923211558.0 | ||
| 006 | a|||||r|||| 00| 0 | ||
| 007 | ta | ||
| 008 | 220922b |||||||| |||| 00| 0 urd d | ||
| 020 |
_a9789386125385 (pbk) _c240 |
||
| 024 | _a324,255 | ||
| 037 |
_b4962, 15/03/2017, Kitabi Duniya _cTextual |
||
| 040 |
_aARTS _cARTS _burd |
||
| 041 |
_2urd _aurd |
||
| 082 | _aO168,1L97:g(W:5), 152Q7 | ||
| 100 |
_aमुनतकिम, ख्वाजा अब्दुल, ले. _9160845 |
||
| 245 | 0 | _aमानव अधिकारों का सांकेतिक नायक मिर्ज़ा ग़ालिब | |
| 246 | _aMānav adhikāroan kā sāanketik nāyak mirज़ā ग़āliba | ||
| 260 |
_aनयी दिल्ली _b एम. आर. पब्लिकेशनस _c2017 |
||
| 300 |
_a108पृ0 _ccm. |
||
| 650 | _aउर्दू कविता | ||
| 942 |
_hO168,1L97:g(W:5), 152Q7 _cTEXL _2CC |
||
| 999 |
_c300964 _d300964 |
||